000
00280nam a22001097a 4500
008
170112b xxu||||| |||| 00| 0 eng d
020
_a
9780766815070
041
_a
eng
080
_a
618.2
245
_a
DELMAR'S GUIDE TO LABORATORY AND DIAGNOSTIC TESTS
_c
DANIELS, R
942
_2
udc
_c
BK
999
_c
2736
_d
2736